Social tenants hit by exclusion (Record no. 117982)
[ view plain ]
| 000 -LEADER | |
|---|---|
| fixed length control field | 00952cam a2200217 4500 |
| 001 - CONTROL NUMBER | |
| control field | WB@3612-381 |
| 008 - FIXED-LENGTH DATA ELEMENTS--GENERAL INFORMATION | |
| fixed length control field | 040909n2004 000 0 eng u |
| 035 ## - SYSTEM CONTROL NUMBER | |
| System control number | (Sirsi) u127304 |
| 245 ## - TITLE STATEMENT | |
| Title | Social tenants hit by exclusion |
| 260 ## - PUBLICATION, DISTRIBUTION, ETC. | |
| Date of publication, distribution, etc. | 2004 |
| 490 ## - SERIES STATEMENT | |
| Series statement | Inside Housing |
| Volume/sequential designation | 21(35) 3 September 2004, 6(1) |
| 520 ## - SUMMARY, ETC. | |
| Summary, etc. | According to "Survey of English housing provisional results 2003/04" produced by the National Centre of Social Research for the ODPM, nearly one in 20 homes in the social housing sector are overcrowded. Only 12.1% of social rented housing is under-occupied, compared with 44.7% of owner occupied housing. Full details can be found at: http://www.odpm.gov.uk/stellent/groups/odpm_housin g/documents/page/odpm_house_603478.hcsp. |
| 590 ## - LOCAL NOTE (RLIN) | |
| Local note | WB |
| 590 ## - LOCAL NOTE (RLIN) | |
| Local note | WB |
| 650 ## - SUBJECT ADDED ENTRY--TOPICAL TERM | |
| Topical term or geographic name entry element | HOUSING STATISTICS |
| 650 ## - SUBJECT ADDED ENTRY--TOPICAL TERM | |
| Topical term or geographic name entry element | SOCIAL HOUSING |
| 650 ## - SUBJECT ADDED ENTRY--TOPICAL TERM | |
| Topical term or geographic name entry element | HOUSEHOLDS |
| 650 ## - SUBJECT ADDED ENTRY--TOPICAL TERM | |
| Topical term or geographic name entry element | ENGLISH HOUSING SURVEY |
| 690 ## - LOCAL SUBJECT ADDED ENTRY--TOPICAL TERM (OCLC, RLIN) | |
| Topical term or geographic name as entry element | HOUSING |
| 942 ## - ADDED ENTRY ELEMENTS (KOHA) | |
| Suppress in OPAC | 0 |
| Withdrawn status | Lost status | Source of classification or shelving scheme | Damaged status | Not for loan | Home library | Current library | Shelving location | Date acquired | Total Checkouts | Full call number | Barcode | Date last seen | Copy number | Price effective from | Koha item type |
|---|---|---|---|---|---|---|---|---|---|---|---|---|---|---|---|
| Dewey Decimal Classification | London | London | News article | 09/09/2004 | WB403415 | 127304-1001 | 06/08/2019 | 1 | 06/08/2019 | News article |